Estadios de Colombia por capacidad - Estadísticas

Estadísticas generales
  • Esta prueba ha sido intentada 17 veces
  • La puntuación promedio es 11 de 20
Estadísticas de respuestas
Aforo Ciudad Estadio % Correcto
46 000 Medellín Atanasio Girardot
100%
49 000 Barranquilla Metropolitano Roberto Meléndez
100%
36 343 Bogotá Nemesio Camacho El Campín
100%
37 899 Cali Olímpico Pascual Guerrero
93%
42 000 Palmira Palmaseca / Deportivo Cali
86%
28 678 Manizales Palogrande
71%
28 000 Bucaramanga Américo Montanini
64%
42 901 Cúcuta General Santander
64%
28 100 Ibagué Manuel Murillo Toro
64%
18 000 Villavicencio Bello Horizonte - Rey Pelé
57%
30 297 Pereira Hernán Ramírez Villegas
57%
20 630 Tunja La Independencia
50%
16 000 Santa Marta Sierra Nevada
50%
20 716 Armenia Centenario
43%
20 000 Pasto Departamental Libertad
36%
16 000 Tuluá Doce de Octubre
21%
22 000 Santa Marta Eduardo Santos
14%
15 300 Palmira Francisco Rivera Escobar
14%
16 068 Cartagena Olímpico Jaime Morón León
14%
15 000 Girardot Luis Antonio Duque Peña
7%
No se encontraron pruebas coincidentes
Distribución de puntuación
Porcentaje de gente con cada puntuación
Porcentaje por número respondido
Historial de tus puntuaciones
No has intentado esta prueba.